000
00378nam a2200181Ia 4500
003
0STCL
008
150530s9999 xx 000 0 und d
040
_a
STCL
_c
STCL
100
_a
Panikkar, K.M.
245
_a
Punarkottu Swaroopam
250
_a
2
260
_c
1955
300
_a
0
546
_a
Malayalam
942
_2
ddc
_c
BK
999
_c
73720
_d
73720
005
20220125171536.0